Extraño Gobernante para un Corazón (Record no. 1864)

MARC details
000 -LEADER
campo de control de longitud fija 00564nam a2200157 4500
008 - DATOS DE LONGITUD FIJA--INFORMACIÓN GENERAL
campo de control de longitud fija 700.92 H889e
020 ## - NÚMERO INTERNACIONAL ESTÁNDAR DEL LIBRO
Número Internacional Estándar del Libro 9789877787962
082 ## - NÚMERO DE LA CLASIFICACIÓN DECIMAL DEWEY
Número de clasificación 700.92
Número de ítem H889e
100 ## - ENTRADA PRINCIPAL--NOMBRE DE PERSONA
Nombre de persona Huffman, Carlos Manuel
9 (RLIN) 7217
110 ## - ENTRADA PRINCIPAL--NOMBRE DE ENTIDAD CORPORATIVA
Nombre de entidad corporativa o nombre de jurisdicción como elemento de entrada Qualina, Florencia
9 (RLIN) 7218
111 ## - ENTRADA PRINCIPAL--NOMBRE DE CONGRESO/REUNIÓN
Nombre de congreso/reunión o jurisdicción como elemento de entrada Scolavino, Vanina
9 (RLIN) 7219
245 ## - MENCIÓN DEL TÍTULO
Título Extraño Gobernante para un Corazón
260 ## - PUBLICACIÓN, DISTRIBUCIÓN, ETC.
Lugar de publicación, distribución, etc. Buenos Aires
Nombre del editor, distribuidor, etc. Carlos Manuel Huffman
-- Mecenazgo Cultural
Fecha de publicación, distribución, etc. 2018
300 ## - DESCRIPCIÓN FÍSICA
Extensión 232 p.
Otras características físicas il. (col)
Dimensiones 29 x 22 cm
650 ## - PUNTO DE ACCESO ADICIONAL DE MATERIA--TÉRMINO DE MATERIA
Subdivisión general arte contemporáneo
-- arte - biográfico
-- arte - pintura
-- arte - escultura
-- arte - dibujo
-- Argentina
9 (RLIN) 7220
Holdings
Estatus retirado Estado de pérdida Fuente del sistema de clasificación o colocación Estado de daño No para préstamo Biblioteca de origen Biblioteca actual Ubicación en estantería Fecha de adquisición Total de préstamos Signatura topográfica completa Código de barras Visto por última vez Precio de reemplazo Tipo de ítem Koha
    Clasificación Decimal Dewey     Biblioteca LadoV Biblioteca LadoV   26/10/2019   700.92 H889e 003118 26/10/2019 26/10/2019 Material 01